Who's Reading That Top Ten? Quiz Stats

 Plays Quiz Updated Feb 27, 2020

Support Sporcle.
Go Orange.
Score 0/20 Timer 12:00
0 Plays Today
Track # Celebrity % Correct
1George Bush
88.9%
3Homer Simpson
88.3%
6Justin Bieber
85.9%
5Betty White
85.4%
2Ellen Degeneres
84%
20Barack Obama
82.1%
11Bono
74.6%
8Bruce Willis
74.6%
12Mitt Romney
67.6%
13Stewie Griffin
67.1%
Track # Celebrity % Correct
18Snoop Dogg
61.6%
4Robert De Niro
55.5%
7Ricky Gervais
53.7%
9Michael Bublé
53.4%
17Casey Kasem
37.1%
19John Malkovich
35%
14Eminem
33.4%
15Britney Spears
30.7%
10Henry Kissinger
18.5%
16Matt Lauer
14.3%

From the Vault

Christmas Bunker

by Bolafssonify

Holiday 7m
Are there any two words in the English language that inspire the holiday season like Christmas Bunker? We think not.
Remove Ads.
Support Sporcle.
Get the best of Sporcle when you Go Orange. This ad-free experience offers more features, more stats, and more fun while also helping to support Sporcle. Thank you for becoming a member.

Show Comments

Extras

Top Quizzes Today


Score Distribution

Your Account Isn't Verified!

In order to create a playlist on Sporcle, you need to verify the email address you used during registration. Go to your Sporcle Settings to finish the process.

Report this User

Report this user for behavior that violates our Community Guidelines.

Details: